Democracy and the Rise of Women's Movements in Sub-Saharan Africa / (Record no. 16445)
[ view plain ]
| 000 -LEADER | |
|---|---|
| fixed length control field | 01798cam a2200325 a 4500 |
| 001 - CONTROL NUMBER | |
| control field | 15126831 |
| 005 - DATE AND TIME OF LATEST TRANSACTION | |
| control field | 20090928180610.0 |
| 008 - FIXED-LENGTH DATA ELEMENTS--GENERAL INFORMATION | |
| fixed length control field | 080103s2008 mdub b 001 0 eng |
| 020 ## - INTERNATIONAL STANDARD BOOK NUMBER | |
| International Standard Book Number | 0801895790 |
| 020 ## - INTERNATIONAL STANDARD BOOK NUMBER | |
| International Standard Book Number | 9780801895791 |
| 040 ## - CATALOGING SOURCE | |
| Original cataloging agency | DLC |
| Transcribing agency | DLC |
| Modifying agency | DLC |
| 082 00 - DEWEY DECIMAL CLASSIFICATION NUMBER | |
| Classification number | 320.967082 |
| Edition number | 22 |
| Item number | FAL |
| 100 1# - MAIN ENTRY--PERSONAL NAME | |
| Personal name | Fallon, Kathleen M. |
| 9 (RLIN) | 28825 |
| 245 10 - TITLE STATEMENT | |
| Title | Democracy and the Rise of Women's Movements in Sub-Saharan Africa / |
| Statement of responsibility, etc | Kathleen M. Fallon. |
| 260 ## - PUBLICATION, DISTRIBUTION, ETC. (IMPRINT) | |
| Place of publication, distribution, etc | Baltimore : |
| Name of publisher, distributor, etc | Johns Hopkins University Press, |
| Date of publication, distribution, etc | 2008. |
| 300 ## - PHYSICAL DESCRIPTION | |
| Extent | x, 168 p. : |
| Other physical details | map ; |
| Dimensions | 24 cm. |
| 504 ## - BIBLIOGRAPHY, ETC. NOTE | |
| Bibliography, etc | Includes bibliographical references (p. [149]-161) and index. |
| 505 0# - FORMATTED CONTENTS NOTE | |
| Formatted contents note | Reclaiming power -- Queenmothers, colonization, and the struggle for legitimacy -- Democracy in perspective -- The iron fist -- Capturing democracy -- Big men, small girls, and the politics of power -- Women on the move. |
| 650 #0 - SUBJECT ADDED ENTRY--TOPICAL TERM | |
| Topical term or geographic name as entry element | Women and democracy |
| Geographic subdivision | Africa, Sub-Saharan. |
| 9 (RLIN) | 28826 |
| 650 #0 - SUBJECT ADDED ENTRY--TOPICAL TERM | |
| Topical term or geographic name as entry element | Women |
| General subdivision | Political activity |
| Geographic subdivision | Africa, Sub-Saharan. |
| 9 (RLIN) | 28827 |
| 650 #0 - SUBJECT ADDED ENTRY--TOPICAL TERM | |
| Topical term or geographic name as entry element | Women |
| Geographic subdivision | Africa, Sub-Saharan |
| General subdivision | Social conditions. |
| 9 (RLIN) | 28828 |
| 651 #0 - SUBJECT ADDED ENTRY--GEOGRAPHIC NAME | |
| Geographic name | Africa, Sub-Saharan |
| General subdivision | Politics and government |
| Chronological subdivision | 1960- |
| 9 (RLIN) | 28829 |
| 653 ## - INDEX TERM--UNCONTROLLED | |
| Resource For college | |
| Arrived date list | February2012 |
| 856 41 - ELECTRONIC LOCATION AND ACCESS | |
| Materials specified | Table of contents only |
| Uniform Resource Identifier | <a href="http://www.loc.gov/catdir/toc/ecip087/2007052923.html">http://www.loc.gov/catdir/toc/ecip087/2007052923.html</a> |
| 856 42 - ELECTRONIC LOCATION AND ACCESS | |
| Materials specified | Contributor biographical information |
| Uniform Resource Identifier | <a href="http://www.loc.gov/catdir/enhancements/fy0829/2007052923-b.html">http://www.loc.gov/catdir/enhancements/fy0829/2007052923-b.html</a> |
| 856 42 - ELECTRONIC LOCATION AND ACCESS | |
| Materials specified | Publisher description |
| Uniform Resource Identifier | <a href="http://www.loc.gov/catdir/enhancements/fy0829/2007052923-d.html">http://www.loc.gov/catdir/enhancements/fy0829/2007052923-d.html</a> |
| 942 ## - ADDED ENTRY ELEMENTS (KOHA) | |
| Source of classification or shelving scheme | Dewey Decimal Classification |
| Item type | Book - Borrowing |
| Withdrawn status | Item status | Source of classification or shelving scheme | Damaged status | Not for loan | Vendor | Home library | Current library | Shelving location | Date acquired | Source of acquisition | Cost, normal purchase price | Serial Enumeration / chronology | Total Checkouts | Total Renewals | Full call number | Barcode | Date last seen | Date last borrowed | Koha item type |
|---|---|---|---|---|---|---|---|---|---|---|---|---|---|---|---|---|---|---|---|
| Dewey Decimal Classification | MERIC | Central Library | Central Library | First floor | 12/02/2012 | 145.00 | 13168 | 4 | 5 | 320.967082 FAL | 000026087 | 15/07/2025 | 05/10/2016 | Book - Borrowing |